Positive imaging
| Main Author: | |
|---|---|
| Format: | Book |
| Published: |
New Delhi :
Orient Paperbacks ,
2002
|
| Subjects: |
MARC
| LEADER | 00000cam a2200000 7i4500 | ||
|---|---|---|---|
| 001 | 0000017413 | ||
| 005 | 20080522.0 | ||
| 008 | 220508 | ||
| 020 | |a 8122203396 | ||
| 090 | 0 | 0 | |a 248.48 |b PEA |
| 100 | 1 | |a Peale, Norman Vincent | |
| 245 | 1 | 0 | |a Positive imaging |c Norman Vincent Peale |
| 260 | |a New Delhi : |b Orient Paperbacks , |c 2002 | ||
| 650 | 0 | |a Success |x Religions aspects |x Christianity | |
| 999 | |a 0001003741 |b Book |c Adult Collection |e Perbadanan Perpustakaan Awam Johor | ||